|
|
|
|
| LEADER |
00000nam0a2200000 4500 |
| 001 |
33668 |
| 005 |
20231030215457.0 |
| 035 |
|
|
|a (RuTPU)RU\TPU\book\34029
|
| 035 |
|
|
|a BOOK00000680
|
| 090 |
|
|
|a 33668
|
| 100 |
|
|
|a 20011210d1976 km y0rusy50 ca
|
| 101 |
0 |
|
|a rus
|
| 102 |
|
|
|a RU
|
| 105 |
|
|
|a a z 001zy
|
| 200 |
1 |
|
|a Неразрушающий контроль элементов и узлов радиоэлектронной аппаратуры
|f Б. Е. Бердичевский [и др.]
|g под ред. Б. Е. Бердичевского
|
| 210 |
|
|
|a Москва
|c Советское радио
|d 1976
|
| 215 |
|
|
|a 294 с.
|c ил.
|
| 320 |
|
|
|a Библиогр.: с. 279-289 (181 назв.)
|
| 320 |
|
|
|a Предм. указ.: с. 290-292.
|
| 610 |
1 |
|
|a радиоэлектронная аппаратура
|
| 610 |
1 |
|
|a технический контроль
|
| 610 |
1 |
|
|a неразрушающие методы
|
| 610 |
1 |
|
|a элементы
|
| 610 |
1 |
|
|a узлы
|
| 610 |
1 |
|
|a применение
|
| 675 |
|
|
|a 621.396.6
|v 3
|
| 675 |
|
|
|a 620.179
|v 3
|
| 701 |
|
1 |
|a Бердичевский
|b Б. Е.
|g Борис Ефимович
|
| 701 |
|
1 |
|a Дубицкий
|b Л. Г.
|
| 701 |
|
1 |
|a Сушинцев
|b Г. М.
|
| 701 |
|
1 |
|a Агеев
|b А. П.
|
| 702 |
|
1 |
|a Бердичевский
|b Б. Е.
|g Борис Ефимович
|4 340
|
| 801 |
|
0 |
|a RU
|b 63413507
|c 20011210
|g PSBO
|
| 801 |
|
2 |
|a RU
|b 63413507
|c 20160212
|g PSBO
|
| 900 |
|
|
|a Контроль качества в приборостроении
|
| 942 |
|
|
|c BK
|